Rubberwood for furniture manufacture (Record no. 48018)

MARC details
000 -LEADER
fixed length control field 00849nam a2200169Ia 4500
100 ## - MAIN ENTRY--AUTHOR NAME
Personal name Tan A G
245 #0 - TITLE STATEMENT
Title Rubberwood for furniture manufacture
260 ## - PUBLICATION, DISTRIBUTION, ETC. (IMPRINT)
Name of publisher The Planter
Year of publication 1981
300 ## - PHYSICAL DESCRIPTION
Number of Pages 649-655
520 ## - SUMMARY, ETC.
Summary, etc In the past, rubber wood was mainly used as a source of fuel for domestic cooking and for drying purposes. Today, an increasing number of sawmills in the country are converting the wood into sawn timber for furniture and other related applications. Various types of furniture are being manufactured from rubber wood in Peninsular Malaysia and Singapore, mainly for export overseas. The future outlook of rubber wood as a timber resource is bright.
650 ## - SUBJECT ADDED ENTRY--TOPICAL TERM
Topical Term Rubberwood
650 ## - SUBJECT ADDED ENTRY--TOPICAL TERM
Topical Term Rubberwood products
700 ## - ADDED ENTRY--PERSONAL NAME
Personal name Mohd. Ali Bin Sujan
700 ## - ADDED ENTRY--PERSONAL NAME
Personal name Sim H C
942 ## - ADDED ENTRY ELEMENTS (KOHA)
Koha item type Bibliography RLWO
Holdings
Withdrawn status Lost status Damaged status Not for loan Home library Current library Date acquired Serial Enumeration / chronology Koha item type
      Bibliography RRII Library RRII Library 31/12/2021 Volume 57, Issue Bibliography RLWO